[Event "SWYM"]
[Site "Witley ENG"]
[Date "2001.07.13"]
[EventDate "2001.07.13"]
[Round "1"]
[Result "1-0"]
[White "Thorbjorn Bromann"]
[Black "Gawain Jones"]
[WhiteElo "2321"]
[BlackElo "2206"]
[PlyCount "63"]

1. e4 c5 2. Nf3 d6 3. d4 Nf6 4. Nc3 cxd4 5. Qxd4 Nc6 6. Bb5
Bd7 7. Bxc6 Bxc6 8. Bg5 e6 9. O-O-O Be7 10. Rhe1 O-O 11. Qd2
Qa5 12. Kb1 Qb6 13. Nd4 h6 14. Bxh6 gxh6 15. Qxh6 Ng4 16. Qh5
Ne5 17. Re3 Bf6 18. f4 Ng6 19. Rh3 Rfe8 20. Nxc6 Qxc6 21. f5
Ne5 22. Qh6 Bg7 23. Rg3 Ng6 24. Qh3 Bxc3 25. fxg6 fxg6
26. Rxc3 Qd7 27. Qh6 Qf7 28. Rg3 Qh7 29. Rxg6+ Kh8 30. Rxd6
Rad8 31. Rxd8 Rxd8 32. b3 1-0

[Event "SWYM"]
[Site "Witley ENG"]
[Date "2001.07.14"]
[EventDate "2001.07.13"]
[Round "2"]
[Result "0-1"]
[White "Gawain Jones"]
[Black "Dean Ippolito"]
[WhiteElo "2206"]
[BlackElo "2394"]
[PlyCount "72"]

1. e4 e5 2. Bc4 Nf6 3. d3 Nc6 4. Nf3 Bc5 5. O-O O-O 6. c3 d6
7. h3 a6 8. Bb3 Ba7 9. Nbd2 Be6 10. Re1 Bxb3 11. Qxb3 Rb8
12. Nf1 Nh5 13. Be3 Bxe3 14. fxe3 g6 15. g4 Ng7 16. Ng3 Kh8
17. Rf1 f5 18. exf5 gxf5 19. e4 fxg4 20. hxg4 Rf4 21. Nh2 Qh4
22. Kg2 Ne7 23. Ne2 Rxg4+ 24. Nxg4 Qxg4+ 25. Kf2 Rf8+ 26. Ke1
Rxf1+ 27. Kxf1 Qf3+ 28. Ke1 Qh1+ 29. Kd2 Qxa1 30. Nc1 Qb1
31. Qxb7 h5 32. Kd1 Ng6 33. a4 Kh7 34. a5 h4 35. Qxa6 Qxb2
36. Qc8 Qg2 0-1

[Event "SWYM"]
[Site "Witley ENG"]
[Date "2001.07.15"]
[EventDate "2001.07.13"]
[Round "3"]
[Result "0-1"]
[White "Murugan Thiruchelvam"]
[Black "Gawain Jones"]
[WhiteElo "2240"]
[BlackElo "2206"]
[PlyCount "60"]

1. e4 c5 2. Nf3 d6 3. d4 cxd4 4. Qxd4 Nc6 5. Bb5 Bd7 6. Bxc6
Bxc6 7. Nc3 Nf6 8. Bg5 e6 9. O-O-O Be7 10. Qd3 O-O 11. Nd4 Qc7
12. f4 h6 13. Bxf6 Bxf6 14. Kb1 Rfd8 15. g4 b5 16. Rhg1 Qb7
17. Nxc6 Qxc6 18. Nxb5 Bxb2 19. Kxb2 Rdb8 20. a4 a6 21. c4
axb5 22. axb5 Ra4 23. Kb3 Qa6 24. Qxd6 Rxb5+ 25. cxb5 Qxb5+
26. Kc2 Qc4+ 27. Kd2 Ra2+ 28. Ke3 Re2+ 29. Kf3 Qxe4+ 30. Kg3
Qe3+ 0-1

[Event "SWYM"]
[Site "Witley ENG"]
[Date "2001.07.16"]
[EventDate "2001.07.13"]
[Round "4"]
[Result "0-1"]
[White "Gawain Jones"]
[Black "Matthew P Broomfield"]
[WhiteElo "2206"]
[BlackElo "2271"]
[PlyCount "94"]

1. e4 Nf6 2. e5 Nd5 3. d4 d6 4. c4 Nb6 5. exd6 exd6 6. Nc3 Be7
7. Qf3 O-O 8. Be3 Nc6 9. O-O-O Be6 10. c5 Nd7 11. Bb5 Nf6
12. h3 Nb4 13. d5 Nbxd5 14. Nxd5 Bxd5 15. Qg3 Ne4 16. Qf4 c6
17. Bd3 Bg5 18. Qf5 Bxe3+ 19. fxe3 g6 20. Qf4 Nxc5 21. Bb1 Qa5
22. Ne2 Bxa2 23. Bxa2 Qxa2 24. Nc3 Qa6 25. Qxd6 Qb6 26. Qf4
Rad8 27. Qc4 Ne6 28. e4 Qe3+ 29. Kb1 Rd4 30. Rxd4 Qxd4 31. Qe2
Rd8 32. Rd1 Qb6 33. Rf1 Nd4 34. Qf2 Rd7 35. Re1 Nb5 36. Qxb6
Nxc3+ 37. bxc3 axb6 38. Kc2 b5 39. Rf1 Kf8 40. g3 Ke7 41. Rf3
Ke6 42. Re3 Ke5 43. Re1 f6 44. Re3 h5 45. h4 Rd8 46. Re1 Ra8
47. Kb3 Ra4 0-1

[Event "SWYM"]
[Site "Witley ENG"]
[Date "2001.07.17"]
[EventDate "2001.07.13"]
[Round "5"]
[Result "1-0"]
[White "Marc Erwich"]
[Black "Gawain Jones"]
[WhiteElo "2263"]
[BlackElo "2206"]
[PlyCount "101"]

1. e4 c5 2. Nf3 d6 3. d4 cxd4 4. Nxd4 Nf6 5. Nc3 g6 6. Be3 Bg7
7. Be2 O-O 8. O-O Nc6 9. Kh1 d5 10. Nxc6 bxc6 11. e5 Ne4
12. Nxe4 dxe4 13. Qxd8 Rxd8 14. Rfd1 Be6 15. Bd4 Rd7 16. f4
exf3 17. Bxf3 Bd5 18. Bxd5 Rxd5 19. c4 Rd7 20. Bc3 Rad8
21. Rxd7 Rxd7 22. Kg1 f6 23. Kf2 fxe5 24. Ke3 e4 25. Bxg7 Kxg7
26. b4 Kf6 27. Kxe4 e5 28. Ke3 Rd4 29. Rc1 Ke6 30. a4 Kd6
31. Rc2 Kc7 32. a5 Kb7 33. b5 cxb5 34. cxb5 Rd5 35. Rb2 a6
36. bxa6+ Kxa6 37. Ra2 Rd4 38. g3 h5 39. Rd2 Rg4 40. Rd5 e4
41. Re5 Kb7 42. Rxe4 Rg5 43. Re6 Ka7 44. a6 Ka8 45. Rd6 Ka7
46. Rf6 Re5+ 47. Kf4 Re2 48. h4 Rf2+ 49. Kg5 Rg2 50. Rf3 Kxa6
51. Kxg6 1-0

[Event "SWYM"]
[Site "Witley ENG"]
[Date "2001.07.18"]
[EventDate "2001.07.13"]
[Round "6"]
[Result "1/2-1/2"]
[White "Jonathan C T Lappage"]
[Black "Gawain Jones"]
[WhiteElo "2208"]
[BlackElo "2206"]
[PlyCount "44"]

1. e4 c5 2. Nf3 d6 3. d4 cxd4 4. Nxd4 Nf6 5. Nc3 g6 6. Be3 Bg7
7. f3 O-O 8. Qd2 Nc6 9. O-O-O d5 10. Nxc6 bxc6 11. exd5 Nxd5
12. Nxd5 cxd5 13. Qxd5 Qc7 14. Qc5 Qb7 15. b3 Bf5 16. Bd3 Rac8
17. Qxa7 Bxd3 18. Qxb7 Rxc2+ 19. Kb1 Rb2+ 20. Kc1 Rc2+ 21. Kb1
Rd2+ 22. Kc1 Rc2+ 1/2-1/2

[Event "SWYM"]
[Site "Witley ENG"]
[Date "2001.07.19"]
[EventDate "2001.07.13"]
[Round "7"]
[Result "0-1"]
[White "Gawain Jones"]
[Black "John D Bick"]
[WhiteElo "2206"]
[BlackElo "2286"]
[PlyCount "138"]

1. e4 e5 2. Bc4 Nf6 3. d3 Bc5 4. Nf3 Nc6 5. c3 a6 6. Bb3 Ba7
7. h3 O-O 8. Nbd2 d6 9. Nf1 d5 10. Qe2 dxe4 11. dxe4 Nh5
12. Bd5 Nf4 13. Bxf4 exf4 14. O-O-O Qe7 15. g3 Qc5 16. gxf4
Qxf2 17. Qxf2 Bxf2 18. Rh2 Bc5 19. b4 Bd6 20. e5 Be7 21. Ne3
a5 22. Bxc6 bxc6 23. Nd4 axb4 24. cxb4 Bxb4 25. Nxc6 Ba3+
26. Kb1 Ra6 27. Nd4 Rb6+ 28. Ka1 c5 29. Nc4 Ra6 30. Nc2 Bb4
31. Nxb4 cxb4 32. Rb1 Be6 33. Rxb4 Rfa8 34. Rhb2 g6 35. Rf2
Rc8 36. Nd6 Rca8 37. f5 Bxa2 38. Kb2 Be6 39. Kc3 gxf5 40. Nxf5
Ra3+ 41. Kd4 Rxh3 42. Nd6 Rd8 43. Rb1 Rh4+ 44. Ke3 Ra8
45. Rg2+ Kf8 46. Rb5 Ra3+ 47. Kf2 Rf4+ 48. Ke1 Bh3 49. Rb8+
Ke7 50. Re8+ Kd7 51. Rb2 Be6 52. Rb5 Ra1+ 53. Ke2 Bg4+ 54. Ke3
Rf3+ 55. Ke4 Re1+ 56. Kd4 Rd1+ 57. Kc5 Rxd6 58. Rg8 Rg6
59. Rb7+ Ke6 60. Re8+ Kf5 61. Rxf7+ Ke4 62. Rxh7 Rc3+ 63. Kb4
Rcc6 64. Rb7 Be6 65. Kb5 Rc1 66. Rbb8 Bd7+ 67. Kb4 Bxe8
68. Rxe8 Rb6+ 69. Ka5 Rb2 0-1

[Event "SWYM"]
[Site "Witley ENG"]
[Date "2001.07.21"]
[EventDate "2001.07.13"]
[Round "9"]
[Result "0-1"]
[White "Gawain Jones"]
[Black "Thomas R J Hinks-Edwards"]
[WhiteElo "2206"]
[BlackElo "2316"]
[PlyCount "98"]

1. e4 g6 2. d4 Bg7 3. Nf3 c6 4. Nc3 d6 5. Bd3 Nf6 6. Be3 Bg4
7. h3 Bxf3 8. Qxf3 Nbd7 9. O-O e5 10. Rad1 O-O 11. dxe5 Nxe5
12. Qe2 Re8 13. f4 Nxd3 14. cxd3 d5 15. Bd4 dxe4 16. Bxf6 exd3
17. Rxd3 Qxf6 18. Qd2 Qh4 19. Kh2 Rad8 20. g3 Qe7 21. Rf2 Rxd3
22. Qxd3 Qe3 23. Qc2 Bd4 24. Rf1 Bxc3 25. bxc3 Qe2+ 26. Rf2
Qxc2 27. Rxc2 Re3 28. Kg2 Kf8 29. a4 Ke7 30. c4 Ra3 31. c5 Kd7
32. Rb2 Kc8 33. Re2 Rxa4 34. Re7 Rc4 35. Rxf7 Rxc5 36. Rxh7 a5
37. g4 a4 38. Rh8+ Kc7 39. Ra8 b5 40. h4 Kb7 41. Re8 a3
42. Re1 b4 43. f5 gxf5 44. g5 Rc3 45. g6 f4 46. Re4 Rg3+
47. Kf2 c5 48. h5 a2 49. Rxf4 Rg5 0-1

[Event "Smith & Williamson ch-GBR"]
[Site "Scarborough ENG"]
[Date "2001.07.30"]
[EventDate "2001.07.02"]
[Round "1"]
[Result "0-1"]
[White "Gawain Jones"]
[Black "Christopher Ward"]
[WhiteElo "2206"]
[BlackElo "2493"]
[PlyCount "80"]

1. e4 c5 2. Nc3 Nc6 3. f4 e6 4. Nf3 a6 5. g3 d5 6. d3 Nf6
7. Bg2 dxe4 8. dxe4 Qxd1+ 9. Kxd1 b5 10. e5 Nd5 11. Ne4 Bb7
12. Ke2 O-O-O 13. c3 Rd7 14. Bd2 Na5 15. Ne1 Nc4 16. Bc1 f5
17. Nd2 Ncb6 18. Nf1 Be7 19. Ne3 Rhd8 20. N1c2 Nxe3 21. Bxb7+
Kxb7 22. Nxe3 g5 23. Rd1 gxf4 24. gxf4 Rxd1 25. Nxd1 Rg8
26. Kf3 c4 27. Ne3 Na4 28. Nd1 Bc5 29. b3 Rg1 30. Be3 Bxe3
31. bxa4 Bc5 32. axb5 axb5 33. Ke2 Rg2+ 34. Kf3 Rg1 35. Ke2
Rh1 36. a4 Rxh2+ 37. Kf3 Kc6 38. axb5+ Kxb5 39. Rb1+ Kc6
40. Rb2 Rh3+ 0-1

[Event "Smith & Williamson ch-GBR"]
[Site "Scarborough ENG"]
[Date "2001.07.31"]
[EventDate "2001.07.02"]
[Round "2"]
[Result "1-0"]
[White "Edmund C Player"]
[Black "Gawain Jones"]
[WhiteElo "2115"]
[BlackElo "2206"]
[PlyCount "81"]

1. e4 c5 2. Nc3 g6 3. g3 Bg7 4. Bg2 Nc6 5. d3 e6 6. Be3 d6
7. f4 Nge7 8. Nf3 O-O 9. O-O Nd4 10. Rb1 Nec6 11. Ne2 f5
12. c3 Nxf3+ 13. Bxf3 Kh8 14. d4 fxe4 15. Bxe4 d5 16. Bg2 c4
17. g4 Qa5 18. a3 e5 19. fxe5 Rxf1+ 20. Qxf1 Bxg4 21. Nf4 Rf8
22. Qe1 Bf5 23. Rd1 Ne7 24. Qh4 Qd8 25. Nh3 Qd7 26. Bg5 Rf7
27. Nf4 Bf8 28. Re1 Be6 29. Bxe7 Bxe7 30. Nxg6+ Kg8 31. Nxe7+
Rxe7 32. Re3 Kf8 33. Qh5 Bg4 34. Qg5 Be6 35. Qf6+ Rf7 36. Qh8+
Ke7 37. Rf3 Bf5 38. Qb8 Rg7 39. Rg3 Rxg3 40. hxg3 a6 41. Qg8
1-0

[Event "Smith & Williamson ch-GBR"]
[Site "Scarborough ENG"]
[Date "2001.08.01"]
[EventDate "2001.07.02"]
[Round "3"]
[Result "1/2-1/2"]
[White "Gawain Jones"]
[Black "David Edward Rumens"]
[WhiteElo "2206"]
[BlackElo "2255"]
[PlyCount "58"]

1. e4 e5 2. Bc4 Nf6 3. d3 Nc6 4. Nf3 Be7 5. c3 O-O 6. O-O d6
7. Bb3 Na5 8. Bc2 c5 9. b4 Nc6 10. b5 Nb8 11. d4 Qc7 12. a4
Bg4 13. Bb2 Bxf3 14. gxf3 Nh5 15. Bc1 cxd4 16. cxd4 Nd7
17. Be3 Rac8 18. Bb3 exd4 19. Bxd4 Bf6 20. Bxf6 Ndxf6 21. Kh1
Qc5 22. Nd2 Nf4 23. Rc1 Qh5 24. Rxc8 Rxc8 25. Bc4 Rc5 26. Rg1
Qh4 27. Rg3 N4h5 28. Rg2 Nf4 29. Rg3 N4h5 1/2-1/2

[Event "Smith & Williamson ch-GBR"]
[Site "Scarborough ENG"]
[Date "2001.08.02"]
[EventDate "2001.07.02"]
[Round "4"]
[Result "1-0"]
[White "Adam Hunt"]
[Black "Gawain Jones"]
[WhiteElo "2408"]
[BlackElo "2206"]
[PlyCount "53"]

1. e4 c5 2. Nf3 d6 3. c3 Nf6 4. Be2 Bd7 5. d3 g6 6. O-O Bg7
7. Re1 O-O 8. Bf1 Bc6 9. Nbd2 b5 10. d4 cxd4 11. Nxd4 Qb6
12. Qb3 a6 13. a4 Qa5 14. axb5 Qxa1 15. bxc6 Nxe4 16. Nxe4
Bxd4 17. cxd4 Nxc6 18. Bd2 Nxd4 19. Qc4 Qxb2 20. Bc3 Rfc8
21. Bxb2 Rxc4 22. Bxc4 Nf5 23. Ng5 e6 24. Ne4 d5 25. Nf6+ Kf8
26. Nxh7+ Kg8 27. Nf6+ 1-0

[Event "Smith & Williamson ch-GBR"]
[Site "Scarborough ENG"]
[Date "2001.08.03"]
[EventDate "2001.07.02"]
[Round "5"]
[Result "0-1"]
[White "Gawain Jones"]
[Black "James J McDonnell"]
[WhiteElo "2206"]
[BlackElo "2047"]
[PlyCount "120"]

1. e4 c5 2. Nc3 Nc6 3. Bb5 g6 4. Bxc6 dxc6 5. f4 e5 6. Nf3 Bg4
7. fxe5 Bg7 8. O-O Bxe5 9. Qe1 Bxf3 10. Rxf3 Nf6 11. h3 O-O
12. d3 Nd7 13. Bh6 Re8 14. Ne2 Qe7 15. c3 Bh8 16. b3 Rad8
17. Rd1 f6 18. Bc1 Bg7 19. Qh4 Ne5 20. Re3 Rd7 21. Ba3 b6
22. d4 Qd8 23. Bb2 Nf7 24. Nc1 f5 25. Qxd8 Rdxd8 26. e5 Rxe5
27. Red3 cxd4 28. cxd4 Red5 29. Ne2 c5 30. Kf1 Ne5 31. R3d2 g5
32. Ke1 Nc6 33. h4 h6 34. hxg5 hxg5 35. a3 Kf7 36. b4 Nxd4
37. bxc5 bxc5 38. Nc3 R5d7 39. Kf1 Ke8 40. Na4 Bf8 41. Rc1 Ne6
42. Rxd7 Rxd7 43. Re1 Kf7 44. Re5 Rd1+ 45. Ke2 Rd5 46. g3
Rxe5+ 47. Bxe5 Nd4+ 48. Kd3 Nb5 49. Bb2 Nxa3 50. Bc1 Be7
51. Be3 c4+ 52. Kc3 Kg6 53. Kd2 Nb5 54. Ke2 Bd6 55. Kf3 c3
56. Nxc3 Nxc3 57. Bxa7 g4+ 58. Kg2 Ne4 59. Be3 Bxg3 60. Bc1 f4
0-1

[Event "Smith & Williamson ch-GBR"]
[Site "Scarborough ENG"]
[Date "2001.08.04"]
[EventDate "2001.07.02"]
[Round "6"]
[Result "1/2-1/2"]
[White "Michael Steadman"]
[Black "Gawain Jones"]
[WhiteElo "2090"]
[BlackElo "2206"]
[PlyCount "141"]

1. e4 c5 2. c3 d5 3. exd5 Qxd5 4. d4 Nf6 5. Nf3 Bg4 6. Be2 e6
7. h3 Bh5 8. Be3 cxd4 9. cxd4 Nc6 10. Nc3 Qd6 11. g4 Bg6
12. Ne5 Nd5 13. Nxd5 exd5 14. O-O Be7 15. Bb5 f6 16. Nxg6 hxg6
17. Qf3 O-O 18. Bd3 f5 19. gxf5 gxf5 20. Bf4 Qd7 21. Be5 Nxe5
22. dxe5 Qe6 23. Rfe1 g6 24. Bc2 Rfd8 25. Bb3 Rd7 26. Rad1
Rad8 27. Rd3 Kg7 28. Qg2 f4 29. Rd4 Qf5 30. Rxd5 f3 31. Rxd7
fxg2 32. Rxe7+ Kh6 33. Re3 Rf8 34. Rf7 Rxf7 35. Bxf7 Qxf7
36. e6 Qe7 37. Kxg2 Kg7 38. a3 Kf8 39. Kf1 Qc5 40. e7+ Ke8
41. b4 Qc1+ 42. Kg2 Qd1 43. Kh2 Qf1 44. Kg3 g5 45. Re5 Qg1+
46. Kf3 Qh2 47. Rxg5 Qxh3+ 48. Rg3 Qf5+ 49. Kg2 Kxe7 50. Re3+
Kd6 51. Rg3 Kc6 52. Re3 Kb5 53. Rg3 Ka4 54. Re3 b5 55. Rg3 a5
56. bxa5 Kxa5 57. Re3 Ka4 58. Rg3 Qe4+ 59. Kh2 Qf4 60. Kg2 Qf8
61. Re3 Qg8+ 62. Rg3 Qd5+ 63. Kh2 Qd1 64. Kg2 Qd5+ 65. Kh2
Qh5+ 66. Kg2 Qe2 67. Kg1 Qb2 68. Kg2 b4 69. axb4 Kxb4 70. Re3
Kc4 71. Kg3 1/2-1/2

[Event "Smith & Williamson ch-GBR"]
[Site "Scarborough ENG"]
[Date "2001.08.06"]
[EventDate "2001.07.02"]
[Round "7"]
[Result "1-0"]
[White "Gawain Jones"]
[Black "Nicholas A Frost"]
[WhiteElo "2206"]
[BlackElo "2141"]
[PlyCount "73"]

1. e4 e6 2. d3 c5 3. Nf3 Nc6 4. g3 Nge7 5. b3 d5 6. Qe2 dxe4
7. dxe4 e5 8. Bb2 Ng6 9. Nbd2 Bg4 10. h3 Bxf3 11. Qxf3 Qf6
12. Qxf6 gxf6 13. O-O-O O-O-O 14. c3 Bh6 15. Kc2 Nge7 16. Bc4
Rhf8 17. Nf3 f5 18. exf5 Nxf5 19. Rhe1 Rxd1 20. Kxd1 Rd8+
21. Kc2 Rd7 22. Bd3 Rxd3 23. Kxd3 f6 24. Nd2 b6 25. Ne4 Bg7
26. Rf1 Kd7 27. f4 Ke6 28. g4 Nh4 29. f5+ Kf7 30. Bc1 h6
31. Rf2 Ne7 32. Ke2 Nd5 33. Kf1 Bf8 34. Kg1 c4 35. bxc4 Nxc3
36. Nxc3 Bc5 37. Kf1 1-0

[Event "Smith & Williamson ch-GBR"]
[Site "Scarborough ENG"]
[Date "2001.08.07"]
[EventDate "2001.07.02"]
[Round "8"]
[Result "1/2-1/2"]
[White "Robert Willmoth"]
[Black "Gawain Jones"]
[WhiteElo "2239"]
[BlackElo "2206"]
[PlyCount "68"]

1. e4 c5 2. Nf3 d6 3. Nc3 Nf6 4. Bb5+ Bd7 5. a4 g6 6. O-O Bg7
7. d3 O-O 8. Bd2 Nc6 9. Ne1 Nd4 10. Bc4 Bc6 11. Ba2 e5 12. f4
exf4 13. Bxf4 d5 14. Bg5 dxe4 15. Nxe4 Bxe4 16. dxe4 Qe7
17. Nd3 Ne6 18. Bxe6 Qxe6 19. Nxc5 Qb6 20. Kh1 Qxc5 21. Bxf6
Bxf6 22. Rxf6 Qe5 23. Qf3 Rae8 24. Rf1 Re7 25. h3 Qxb2 26. c3
Qc2 27. e5 Qxa4 28. Qe3 Qe8 29. Qxa7 b5 30. Qd4 Rxe5 31. Rb6
Qe7 32. Qb4 Qxb4 33. cxb4 Rc8 34. Rb7 Rf8 1/2-1/2

[Event "Smith & Williamson ch-GBR"]
[Site "Scarborough ENG"]
[Date "2001.08.08"]
[EventDate "2001.07.02"]
[Round "9"]
[Result "0-1"]
[White "David Ledger"]
[Black "Gawain Jones"]
[WhiteElo "2312"]
[BlackElo "2206"]
[PlyCount "80"]

1. e4 c5 2. Nc3 Nc6 3. Bb5 Nd4 4. Bc4 g6 5. Nf3 d6 6. Nxd4
cxd4 7. Ne2 Bg7 8. d3 Qb6 9. a4 Nf6 10. Bd2 a5 11. Ra3 Bd7
12. Rb3 Qa7 13. Bb5 O-O 14. Bxd7 Nxd7 15. Rb5 b6 16. h4 Nc5
17. b3 e5 18. g4 Rab8 19. Ng3 Qd7 20. f3 Ne6 21. h5 Nc7
22. Qe2 f6 23. Qh2 Kf7 24. Rd5 Qc6 25. Bc1 Nxd5 26. exd5 Qxd5
27. Ne4 Qe6 28. Ba3 Rbd8 29. Qg3 Rh8 30. Kd1 d5 31. Nf2 Rc8
32. Re1 Bh6 33. Nh3 Be3 34. f4 exf4 35. Nxf4 Qe5 36. h6 Rhe8
37. Qf3 Rcd8 38. Ng2 Qg5 39. c4 Rd7 40. Rf1 Re6 0-1

[Event "Smith & Williamson ch-GBR"]
[Site "Scarborough ENG"]
[Date "2001.08.09"]
[EventDate "2001.07.02"]
[Round "10"]
[Result "1-0"]
[White "Gawain Jones"]
[Black "Ian Snape"]
[WhiteElo "2206"]
[BlackElo "2160"]
[PlyCount "53"]

1. e4 c5 2. Nf3 e6 3. d3 Nc6 4. g3 g6 5. Bg5 Qb6 6. Nbd2 Qxb2
7. Nc4 Qg7 8. Rb1 d6 9. Bg2 Be7 10. e5 dxe5 11. Bxe7 Kxe7
12. O-O f6 13. Nfd2 Nh6 14. Ne4 Nf5 15. Nxc5 Nd6 16. Bxc6 bxc6
17. Qf3 Bd7 18. Nxd6 Kxd6 19. Qe3 Bc8 20. Ne4+ Kc7 21. Qc5 Rd8
22. Qa5+ Kd7 23. Qa4 Qe7 24. d4 exd4 25. Qxd4+ Kc7 26. Qc3 f5
27. Qe5+ 1-0

[Event "WYB14"]
[Site "Oropesa del Mar ESP"]
[Date "2001.10.24"]
[EventDate "2001.10.06"]
[Round "4"]
[Result "1/2-1/2"]
[White "Ante Brkic"]
[Black "Gawain Jones"]
[WhiteElo "2330"]
[BlackElo "2216"]
[PlyCount "56"]

1. d4 Nf6 2. Nf3 c5 3. d5 b5 4. Bg5 d6 5. Bxf6 exf6 6. e4 a6
7. a4 b4 8. Bd3 g6 9. O-O Bg7 10. Nbd2 a5 11. Nc4 Qc7 12. Nfd2
O-O 13. f4 Nd7 14. Qf3 Ba6 15. Rae1 Nb6 16. b3 Bxc4 17. Bxc4
Rfe8 18. Kh1 Re7 19. g4 Rae8 20. Bb5 Rd8 21. Qd3 Qc8 22. f5
Bh6 23. Nb1 Nd7 24. Bxd7 Qxd7 25. h3 Rf8 26. Kg2 Re5 27. h4
Rfe8 28. Kf3 Qe7 1/2-1/2

[Event "WYB14"]
[Site "Oropesa del Mar ESP"]
[Date "2001.10.25"]
[EventDate "2001.10.06"]
[Round "5"]
[Result "1/2-1/2"]
[White "Gawain Jones"]
[Black "Rauf Mamedov"]
[WhiteElo "2216"]
[BlackElo "2354"]
[PlyCount "47"]

1. d4 Nf6 2. c4 g6 3. Nc3 Bg7 4. e4 d6 5. Bf4 O-O 6. Nf3 c5
7. d5 e6 8. Be2 exd5 9. cxd5 Bg4 10. O-O Nbd7 11. Re1 Re8
12. h3 Bxf3 13. Bxf3 Rb8 14. a4 a6 15. a5 b5 16. axb6 Qxb6
17. Qa4 Qb4 18. Qxa6 Nb6 19. Qf1 Nfd7 20. Bg4 Ra8 21. Rxa8
Rxa8 22. e5 dxe5 23. Re4 Qa5 24. Bxd7 1/2-1/2

[Event "WYB14"]
[Site "Oropesa del Mar ESP"]
[Date "2001.10.26"]
[EventDate "2001.10.06"]
[Round "6"]
[Result "0-1"]
[White "Gawain Jones"]
[Black "Borki Predojevic"]
[WhiteElo "2216"]
[BlackElo "2352"]
[PlyCount "54"]

1. d4 Nf6 2. c4 c5 3. d5 b5 4. f3 bxc4 5. e4 d6 6. Bxc4 g6
7. Ne2 Bg7 8. O-O O-O 9. Nec3 Nbd7 10. a4 Ne5 11. Be2 c4
12. Na3 Qb6+ 13. Kh1 Ba6 14. Nab5 Nfd7 15. f4 Nd3 16. Bxd3
cxd3 17. Qxd3 Nc5 18. Qc4 Bxc3 19. bxc3 Nxa4 20. Qxa4 Bxb5
21. Qd1 Bxf1 22. Qxf1 a5 23. f5 f6 24. h4 Kh8 25. Bh6 Rg8
26. Rb1 Qa6 27. Qf4 Qe2 0-1

[Event "WYB14"]
[Site "Oropesa del Mar ESP"]
[Date "2001.10.28"]
[EventDate "2001.10.06"]
[Round "7"]
[Result "1-0"]
[White "Giga Quparadze"]
[Black "Gawain Jones"]
[WhiteElo "2135"]
[BlackElo "2216"]
[PlyCount "55"]

1. e4 e6 2. d3 d5 3. Nd2 Nf6 4. Ngf3 Be7 5. g3 O-O 6. Bg2 c5
7. O-O Nc6 8. e5 Nd7 9. Qe2 b5 10. Re1 a5 11. Nf1 Ba6 12. h4
b4 13. Bg5 c4 14. dxc4 Nb6 15. b3 dxc4 16. Qe4 Qc7 17. Bxe7
Nxe7 18. Ng5 g6 19. h5 h6 20. Nh3 Nbd5 21. hxg6 fxg6 22. Qg4
Qc8 23. Ne3 cxb3 24. cxb3 Kh7 25. Rec1 Qd7 26. Nxd5 Nxd5
27. Bxd5 Qxd5 28. Rc7+ 1-0

[Event "WYB14"]
[Site "Oropesa del Mar ESP"]
[Date "2001.11.02"]
[EventDate "2001.10.06"]
[Round "11"]
[Result "1/2-1/2"]
[White "Deep Sengupta"]
[Black "Gawain Jones"]
[WhiteElo "2287"]
[BlackElo "2216"]
[PlyCount "80"]

1. e4 e6 2. b3 d5 3. Bb2 Nf6 4. e5 Nfd7 5. f4 Be7 6. Nf3 c5
7. c3 O-O 8. Be2 a5 9. O-O a4 10. Na3 Nc6 11. d4 axb3 12. axb3
b6 13. Bd3 Ba6 14. f5 exf5 15. Bxa6 Rxa6 16. Qd3 Ndb8 17. Qxf5
Qd7 18. Qh5 h6 19. Nh4 Bxh4 20. Qxh4 cxd4 21. cxd4 Ne7 22. Nc2
Rxa1 23. Bxa1 Nbc6 24. Ne3 Qe6 25. h3 f6 26. Bb2 Ng6 27. Qh5
fxe5 28. Rxf8+ Nxf8 29. dxe5 d4 30. Nc4 b5 31. Nd2 Qd5 32. Qf3
Qc5 33. b4 Nxb4 34. Ba3 Qc3 35. Bxb4 Qxb4 36. Qd5+ Kh8 37. Nf3
Qc4 38. Qd8 Kg8 39. Nxd4 Qc1+ 40. Kf2 Qd2+ 1/2-1/2

[Event "British Chess Championships"]
[Site "Torquay ENG"]
[Date "2002.08.02"]
[EventDate "2002.07.29"]
[Round "5"]
[Result "1-0"]
[White "Aleksandar H Wohl"]
[Black "Gawain Jones"]
[WhiteElo "2419"]
[BlackElo "2237"]
[PlyCount "87"]

1. f4 d5 2. Nf3 Nf6 3. e3 Bg4 4. b3 e6 5. Bb2 Bd6 6. h3 Bxf3
7. Qxf3 Nbd7 8. Nc3 c6 9. g4 h6 10. h4 h5 11. g5 Ng4 12. Ne2
Rg8 13. Ng3 g6 14. e4 Qc7 15. Ne2 dxe4 16. Qxe4 O-O-O 17. Bh3
Qa5 18. Qf3 Qf5 19. O-O-O e5 20. Rhf1 exf4 21. Nxf4 Qa5
22. Kb1 Nh2 23. Qd3 Qc7 24. Nxh5 gxh5 25. Rxf7 Rgf8 26. Rxf8
Rxf8 27. g6 Ng4 28. g7 Rg8 29. Qh7 Qd8 30. Rf1 Kc7 31. Qxh5
Ngf6 32. Qf7 Qe7 33. Qxe7 Bxe7 34. Bxd7 Nxd7 35. h5 Bg5
36. Rg1 Bxd2 37. Rg6 Nf8 38. Be5+ Kd7 39. gxf8=Q Rxf8 40. Rd6+
Kc8 41. Rxd2 Rf5 42. Bd4 c5 43. Bf2 Rxh5 44. b4 1-0

[Event "British Chess Championships"]
[Site "Torquay ENG"]
[Date "2002.08.09"]
[EventDate "2002.07.29"]
[Round "11"]
[Result "1-0"]
[White "Mark Hebden"]
[Black "Gawain Jones"]
[WhiteElo "2534"]
[BlackElo "2237"]
[PlyCount "131"]

1. d4 Nf6 2. Nf3 c5 3. d5 b5 4. Bg5 d6 5. Bxf6 exf6 6. e4 a6
7. a4 b4 8. Bd3 g6 9. a5 Bg7 10. c3 O-O 11. O-O Nd7 12. Nbd2
bxc3 13. bxc3 f5 14. Ra3 fxe4 15. Nxe4 Nf6 16. Nxf6+ Qxf6
17. Nd2 Qg5 18. f4 Qe7 19. Nc4 Ra7 20. Qf3 Bf6 21. f5 Bd7
22. Nb6 Bb5 23. Rb3 Bxd3 24. Qxd3 Kg7 25. Nc4 Re8 26. Qf3 g5
27. Rb6 Rd8 28. Rbb1 Re8 29. Rb6 Rd8 30. g3 Rb7 31. Rfb1 Rdb8
32. Kg2 Rxb6 33. axb6 Qd7 34. Qd3 Bd8 35. g4 Qa4 36. h3 Qa2+
37. Rb2 Qa1 38. Qd2 Qa4 39. Qd3 Qa1 40. Qc2 Qe1 41. Rb1 Qe7
42. Kf3 Qb7 43. Qd3 Qd7 44. Kg2 Qa4 45. Rf1 Bf6 46. Re1 Qb3
47. Nxd6 Qxb6 48. Ne4 Be5 49. d6 Qc6 50. Kg1 Rd8 51. f6+ Kf8
52. Nxg5 Qxd6 53. Qxd6+ Bxd6 54. Nxh7+ Kg8 55. Ng5 Bf4 56. Ne4
Rd3 57. Kg2 c4 58. Rf1 Be5 59. Rf5 Bxc3 60. Rg5+ Kh8 61. Nxc3
Rxc3 62. Rg7 Rc2+ 63. Kg3 c3 64. Rxf7 Rc1 65. Rc7 c2 66. Kg2
1-0

[Event "7th Genova op"]
[Site "Genova ITA"]
[Date "2003.08.07"]
[EventDate "?"]
[Round "7"]
[Result "1-0"]
[White "Vadim Milov"]
[Black "Gawain Jones"]
[WhiteElo "2681"]
[BlackElo "2548"]
[PlyCount "57"]

1. d4 Nf6 2. c4 c5 3. d5 b5 4. Nf3 g6 5. cxb5 a6 6. b6 d6
7. Nc3 Qxb6 8. e4 Bg4 9. Qa4+ Bd7 10. Qc2 Bg7 11. a4 O-O
12. Bc4 Ng4 13. O-O a5 14. h3 Ne5 15. Nxe5 Bxe5 16. Bh6 Re8
17. f4 Bd4+ 18. Kh1 Na6 19. Rf3 Nb4 20. Qd2 e6 21. dxe6 Bxe6
22. Bxe6 Rxe6 23. f5 Re7 24. Raf1 Rd7 25. Qg5 Qb7 26. h4 Re8
27. h5 f6 28. fxg6 Rde7 29. Rxf6 1-0

[Event "Smith & Williamson British Championships"]
[Site "Scarborough ENG"]
[Date "2004.08.02"]
[EventDate "2004.08.02"]
[Round "1"]
[Result "1/2-1/2"]
[White "David Spence"]
[Black "Gawain Jones"]
[WhiteElo "2236"]
[BlackElo "2453"]
[PlyCount "63"]

1. e4 c5 2. c3 g6 3. d4 cxd4 4. cxd4 d5 5. e5 Nc6 6. Nc3 Bg7
7. g3 f6 8. exf6 Nxf6 9. Bg2 O-O 10. Nge2 Bg4 11. O-O Ne4
12. f3 Nxc3 13. bxc3 Bf5 14. g4 Bc8 15. Bg5 Qd6 16. h3 b6
17. Qd2 Ba6 18. Rfe1 Rae8 19. Rad1 e5 20. dxe5 Nxe5 21. Nd4
Nc4 22. Qf2 Qc5 23. Bf1 Bc8 24. Bg2 Nd6 25. Qd2 Nc4 26. Qf2
Bd7 27. Kh1 h6 28. Be3 Nxe3 29. Rxe3 Rxe3 30. Qxe3 Rc8 31. Rd3
Re8 32. Qd2 1/2-1/2

[Event "Smith & Williamson British Championships"]
[Site "Scarborough ENG"]
[Date "2004.08.03"]
[EventDate "2004.08.02"]
[Round "2"]
[Result "1-0"]
[White "Gawain Jones"]
[Black "Thomas Nixon"]
[WhiteElo "2453"]
[BlackElo "2198"]
[PlyCount "45"]

1. e4 e5 2. Nf3 Nc6 3. d4 exd4 4. Nxd4 Nf6 5. Nxc6 bxc6 6. e5
Qe7 7. Qe2 Nd5 8. c4 Ba6 9. b3 g6 10. f4 Bg7 11. Qf2 Nb6
12. Ba3 d6 13. Nc3 c5 14. Be2 Bb7 15. O-O O-O 16. Rad1 f6
17. exd6 cxd6 18. Nb5 Nc8 19. Bf3 f5 20. Bxb7 Qxb7 21. Nxd6
Nxd6 22. Rxd6 Bd4 23. Rxd4 1-0